000
00319nam a2200133Ia 4500
008
190216s9999||||xx |||||||||||||| ||und||
100
_a
A.Vinod
245
0
_a
Inter National Finance
250
_a
1st Ed.
260
_b
Calicut University Central Co-Operative
_c
2006
300
_a
286
650
_a
Commerce
942
_c
BK
999
_c
8164
_d
8164